000 01764cam a22006134i 4500
003 PE-LiUPU
005 20250731170420.0
008 180222s2015 gs rb 001 0 eng d
020 _a9780884141204
035 _a(Sirsi) a241354
040 _aPE-LiUPU
_bspa
_cPE-LiUPU
_erda
049 _aPRUA
082 0 4 _a181.06
_bY58
_223
100 1 _aYli-Karjanmaa, Sami,
_eautor.
245 1 0 _aReincarnation in Philo of Alexandria /
_cby Sami Yli-Karjanmaa.
264 1 _aAtlanta :
_bSBL Press,
_c2015.
300 _axvi, 309 páginas ;
_c23 centímetros.
336 _atext
_2rdacontent
337 _aunmediated
_2rdamedia
338 _avolume
_2rdacarrier
490 0 _aStudia Philonica monographs ;
_v7
504 _aBibliografía : páginas 265-282.
504 _aÍndice : páginas 302-309.
505 0 _aIntroduction -- The indicrect evidence -- The direct evidence -- Synthesis.
526 _aSEG68
526 _aSEG70
526 _aSEG69
526 _aSEG67
526 _aSEG43
526 _aP144
526 _aP143
526 _aP131
526 _aP122
526 _aP120
526 _aP117
526 _aP112
526 _aP110
526 _aP106
526 _aP101
526 _aP80
526 _aP59
526 _aP54
526 _aP35
526 _aP33
526 _aP30
650 0 4 _aReencarnación.
650 0 4 _aReincarnation.
910 _adbm
_bncf
_cncf
_d20180222
942 _2ddc
_cBOOK
994 _aC0
_bPEPRU
596 _a1
999 _a181.06 Y58
_wDEWEY
_c26994
_i78291
_f2021-11-9
_g4
_lCCODEBUL1
_mBUL
_p36.92
_r0
_sY
_tBOOK
_u2018-2-22
_xTEOLOGIA
_PP85
_0COMPRA
_o.STAFF. Colección Teología
_d26994
980 _81
_gALBERTO SANCHEZ Responsable de Automatización